Alle Brutvögel Deutschlands - Statistiken

Allgemein
  • Dieses Quiz wurde 650 mal gespielt
    317 seit der letzten Aktualisierung
  • Das Durchschnittsergebnis liegt bei 145 aus 246
Antwortstatistiken
A-Z Vogel % Korrekt
A Amsel
94%
B Blaumeise
89%
H Haussperling
87%
U Uhu
87%
G Grünspecht
86%
R Rotkehlchen
86%
W Weißstorch
86%
K Kohlmeise
84%
B Buntspecht
83%
E Elster
83%
G Graureiher
83%
S Stockente
83%
T Turmfalke
83%
Z Zaunkönig
80%
A Auerhuhn
79%
G Gimpel
79%
S Steinadler
79%
W Wanderfalke
79%
G Graugans
78%
G Grünfink
78%
B Buchfink
77%
F Fasan
77%
M Mauersegler
77%
M Mäusebussard
77%
R Ringeltaube
77%
R Rotmilan
77%
T Türkentaube
77%
D Dohle
76%
E Eichelhäher
76%
H Habicht
76%
K Kolkrabe
76%
M Mehlschwalbe
76%
R Rauchschwalbe
76%
R Rebhuhn
76%
S Schwarzspecht
76%
W Waldkauz
76%
F Feldsperling
75%
B Blaukehlchen
74%
E Eisvogel
74%
G Goldammer
74%
K Kranich
74%
K Kuckuck
74%
R Rabenkrähe
74%
S Schleiereule
74%
S Star
74%
L Lachmöwe
73%
S Stieglitz
73%
S Straßentaube
73%
W Wachtel
73%
K Kleiber
72%
T Turteltaube
72%
Z Zilpzalp
72%
F Fischadler
71%
H Haubentaucher
71%
H Höckerschwan
71%
K Kanadagans
71%
R Rohrdommel
71%
S Schwarzmilan
71%
S Silberreiher
71%
S Steinkauz
71%
S Sperber
70%
W Waldohreule
70%
A Alpendohle
69%
B Bachstelze
69%
B Birkhuhn
69%
M Mandarinente
69%
S Schwarzstorch
69%
S Seeadler
69%
S Silbermöwe
69%
S Singdrossel
69%
T Teichhuhn
69%
H Haubenmeise
68%
H Hausrotschwanz
68%
K Kiebitz
68%
K Kleinspecht
68%
M Mittelspecht
68%
P Pirol
68%
A Austernfischer
67%
G Grauspecht
67%
K Kormoran
67%
N Nebelkrähe
67%
N Nilgans
67%
A Alpenstrandläufer
66%
B Bienenfresser
66%
B Braunkehlchen
66%
G Gartenrotschwanz
66%
M Mantelmöwe
66%
S Schwanzmeise
66%
B Bekassine
65%
B Blässhuhn
64%
F Fichtenkreuzschnabel
64%
N Neuntöter
64%
S Saatkrähe
64%
S Schwarzkehlchen
64%
W Wendehals
64%
W Wintergoldhähnchen
64%
D Dreizehenmöwe
63%
H Haubenlerche
63%
K Krickente
63%
N Nachtigall
63%
N Nachtreiher
63%
S Sommergoldhähnchen
63%
T Tannenmeise
63%
W Waldbaumläufer
63%
F Fitis
62%
K Kernbeißer
62%
W Wasseramsel
62%
Z Zwergtaucher
62%
D Dreizehenspecht
61%
G Grauammer
61%
H Halsbandsittich
61%
H Heringsmöwe
61%
T Tannenhäher
61%
L Löffler
60%
U Uferschnepfe
60%
A Alpenbirkenzeisig
59%
B Brandgans
59%
F Feldlerche
59%
M Mönchsgrasmücke
59%
O Ortolan
59%
P Purpurreiher
59%
A Alpenschneehuhn
58%
N Nachtschwalbe
58%
S Singschwan
58%
S Sumpfohreule
58%
T Trottellumme
58%
E Eiderente
57%
H Heckenbraunelle
57%
L Löffelente
57%
W Wacholderdrossel
57%
W Wiedehopf
57%
Z Zwergdommel
57%
B Baumfalke
56%
F Flussseeschwalbe
56%
G Gänsesäger
56%
G Gartengrasmücke
56%
H Hohltaube
56%
K Kolbenente
56%
K Kornweihe
56%
W Wachtelkönig
56%
W Weißwangengans
56%
Z Zwergmöwe
56%
T Teichrohrsänger
55%
B Basstölpel
54%
E Erlenzeisig
54%
G Girlitz
54%
M Mauerläufer
54%
S Sandregenpfeifer
54%
U Uferschwalbe
54%
A Alpensegler
53%
G Gelbspötter
53%
H Haselhuhn
53%
S Schnatterente
53%
S Schreiadler
53%
S Sturmmöwe
53%
T Trauerseeschwalbe
53%
W Wespenbussard
53%
B Bartmeise
52%
B Bergente
52%
E Eissturmvogel
52%
H Heidelerche
52%
M Mittelmeermöwe
52%
R Rohrweihe
52%
S Säbelschnäbler
52%
S Schwarzkopfmöwe
52%
S Steinschmätzer
52%
W Wiesenweihe
52%
F Feldschwirl
51%
F Flussregenpfeifer
51%
K Küstenseeschwalbe
51%
R Rohrschwirl
51%
R Rothalstaucher
51%
K Knäkente
50%
R Rostgans
50%
W Waldschnepfe
50%
B Brachvogel
49%
G Großtrappe
49%
R Rohrammer
49%
S Sperlingskauz
49%
S Spießente
49%
T Triel
49%
A Alpenbraunelle
48%
B Beutelmeise
48%
M Misteldrossel
48%
M Moorente
48%
R Rotschenkel
48%
G Gebirgsstelze
47%
L Lachseeschwalbe
47%
M Mittelsäger
47%
R Raubwürger
47%
S Schwarzhalstaucher
47%
T Trauerschnäpper
47%
Z Zitronenzeisig
47%
Z Zwergseeschwalbe
47%
D Dorngrasmücke
46%
G Gartenbaumläufer
46%
H Halsbandschnäpper
46%
K Klappergrasmücke
46%
O Orpheusspötter
46%
P Pfeifente
46%
R Raufußkauz
46%
R Reiherente
46%
S Schlagschwirl
46%
W Weidenmeise
46%
G Grauschnäpper
45%
T Tafelente
45%
W Wasserralle
45%
K Kampfläufer
44%
S Schafstelze
44%
S Stelzenläufer
44%
W Weißrückenspecht
44%
Z Zwergsumpfhuhn
44%
K Karmingimpel
43%
S Sumpfmeise
43%
T Tordalk
43%
W Wiesenpieper
43%
Z Zaunammer
43%
Z Zwergschnäpper
43%
Z Zippammer
42%
B Baumpieper
41%
B Brandseeschwalbe
41%
K Kleines Sumpfhuhn
41%
S Schilfrohrsänger
41%
S Steinrötel
41%
S Sumpfrohrsänger
41%
S Schneesperling
40%
S Seeregenpfeifer
40%
S Sprosser
40%
B Bluthänfling
39%
S Schellente
39%
S Steppenmöwe
39%
W Weißflügel-Seeschwalbe
39%
S Sperbergrasmücke
38%
S Steinhuhn
38%
W Waldwasserläufer
38%
B Bergpieper
37%
G Grünlaubsänger
37%
T Tüpfelsumpfhuhn
37%
W Waldlaubsänger
37%
B Brachpieper
36%
F Felsenschwalbe
36%
R Ringdrossel
36%
W Weißbart-Seeschwalbe
36%
F Flussuferläufer
35%
B Berglaubsänger
34%
D Drosselrohrsänger
33%
Keine übereinstimmenden Quizze gefunden
Verteilung der Resultate
Anzahl Personen mit jedem Resultat
Perzentil nach korrekt beantworteten Fragen
Ihre Resultats-Entwicklung
Sie haben dieses Quiz seit der letzten Aktualisierung nicht gespielt